El sistema verbal hebreo en su contexto semítico: una visión dinámica
Salvato in:
| Autore principale: | |
|---|---|
| Natura: | Libro |
| Lingua: | spagnolo |
| Pubblicazione: |
Pamplona
Verbo Divino
2013
|
| Edizione: | 1a. ed |
| Serie: | Instrumentos para el Estudio de la Biblia, 24
|
| Soggetti: | |
| Tags: |
Aggiungi Tag
Nessun Tag, puoi essere il primo ad aggiungerne!!
|
MARC
| LEADER | 00000cam a2200000 a 4500 | ||
|---|---|---|---|
| 001 | UCD5473 | ||
| 003 | CL-VaPUC | ||
| 008 | 160908e20130000sp |||||||||||||||||spa|d | ||
| 020 | |a 9788499456157 | ||
| 082 | 0 | 4 | |a 492.4 |b AND |2 21 |
| 100 | 0 | |a Andrason, Alexander W |e author |9 589232 | |
| 245 | 1 | 3 | |a El sistema verbal hebreo en su contexto semítico: una visión dinámica |
| 250 | |a 1a. ed | ||
| 300 | |a 382 p | ||
| 942 | |c BK | ||
| 945 | |d 20160908 17:08:00 |a dcastane | ||
| 260 | |a Pamplona |b Verbo Divino |c 2013 | ||
| 650 | 0 | |a Hebreo |9 391464 | |
| 650 | 0 | |a Lengua hebrea |9 509883 | |
| 583 | |a last modification |c 20160908 17:08:00 |k Rodrigo Vera | ||
| 490 | 0 | |a Instrumentos para el Estudio de la Biblia, 24 | |
| 999 | |c 366134 |d 366132 | ||
| 952 | |0 0 |1 0 |3 erb |4 0 |6 492_400000000000000_AND_2013 |7 0 |8 A |9 480179 |a BIBTEO |b BIBTEO |i 5341175 |l 2 |m 4 |o 492.4 AND 2013 |p 5341175 |r 2025-01-17 |s 2023-06-05 |w 2019-11-24 |y BK |z Catalogado en:20160908 |k ICR | ||